Náklady v podvojnom účtovníctve ich daňové a účtovné posúdenie

Guardado en:
Detalles Bibliográficos
Autor principal: Bolgáč, Ján, 1959-
Otros Autores: Meluchová, Jitka, 1965-, Parajková, Antónia, Pastierik, Vladimír, Krausová, Beáta, Vidová, Michaela, Štofanová, Lucia
Formato: Libro
Lenguaje:eslovaco
Publicado: Bratislava Verlag Dashöfer 2010
Materias:
Etiquetas: Agregar Etiqueta
Sin Etiquetas, Sea el primero en etiquetar este registro!

MARC

LEADER 00000nam$a2200000$$$4500
001 0117939
005 20240502072323.4
022 |a 1337-6918 
041 0 |a slo 
044 |a SK 
245 1 0 |a Náklady v podvojnom účtovníctve  |b ich daňové a účtovné posúdenie  |c Beata Krausová a kolektív autorov 
264 1 |a Bratislava  |b Verlag Dashöfer  |c 2010 
300 |a 218 s. [9,3 AH] 
610 2 0 |a náklady 
610 2 0 |a účtovníctvo podvojné 
610 2 0 |a informácie 
610 2 0 |a vzťahy pracovnoprávne 
610 2 0 |a podnikatelia 
610 2 0 |a pokladnice registračné 
610 2 0 |a ochrana práce 
610 2 0 |a automobily 
610 2 0 |a odpisy 
610 2 0 |a fond sociálny 
610 2 0 |a dane 
610 2 0 |a pohľadávky 
610 2 0 |a dotácie 
610 2 0 |a licencie 
610 2 0 |a manká 
610 2 0 |a reklama 
100 1 |a Bolgáč, Ján, 1959- 
700 1 |a Meluchová, Jitka, 1965- 
700 1 |a Parajková, Antónia 
700 1 |a Pastierik, Vladimír 
700 1 |a Krausová, Beáta 
700 1 |a Vidová, Michaela 
700 1 |a Štofanová, Lucia